UBT Library

wonders of man (Record no. 43106)

000 -LEADER
fixed length control field 00252nam a22001217a 4500
008 - FIXED-LENGTH DATA ELEMENTS--GENERAL INFORMATION
fixed length control field 180222b xxu||||| |||| 00| 0 eng d
041 ## - LANGUAGE CODE
Language code of text/sound track or separate title eng
080 ## - UNIVERSAL DECIMAL CLASSIFICATION NUMBER
Universal Decimal Classification number 94
100 ## - Rafti
Rafti 16
101 ## - Shkurtesa
Shkurtesa his
245 ## - TITLE STATEMENT
Title wonders of man
Statement of responsibility, etc edwin.b
942 ## - ADDED ENTRY ELEMENTS (KOHA)
Source of classification or shelving scheme
Item type Books
Holdings
Withdrawn status Lost status Source of classification or shelving scheme Damaged status Not for loan Collection code Permanent location Current location Shelving location Date acquired Total Checkouts Full call number Barcode Date last seen Price effective from Koha item type
          Koleksioni i përgjithshem UBT - Lipjan UBT - Lipjan Koleksioni i përgjithshem 02/22/2018   94 edw 002-2999875 02/22/2018 02/22/2018 Books
UBT Library © 2015-2024. All rights reserved University Education for Business and Technology